|
|
|
|
| LEADER |
01123cam a2200313Ia 4500 |
| 001 |
9780203431016 |
| 003 |
FlBoTFG |
| 005 |
20091230162920.0 |
| 006 |
a|||||s||||||||||| |
| 007 |
cr|||| |
| 008 |
950622s1996 enkab sb 001 0 eng d |
| 020 |
|
|
|a 9780203431016 (e-book : PDF)
|
| 040 |
|
|
|a FlBoTFG
|c FlBoTFG
|d GrThAP
|
| 043 |
|
|
|a e-gr---
|
| 090 |
|
|
|a PA5165
|b .B43 1996
|
| 092 |
|
|
|a 883.0209
|b B369
|
| 100 |
1 |
|
|a Beaton, Roderick.
|
| 245 |
1 |
4 |
|a The medieval Greek romance
|h [electronic resource] /
|c Roderick Beaton.
|
| 250 |
|
|
|a 2nd ed., rev. and expanded.
|
| 260 |
|
|
|a London ;
|a New York :
|b Routledge,
|c 1996.
|
| 300 |
|
|
|a xx, 301 p. :
|b ill., maps.
|
| 504 |
|
|
|a Includes bibliographical references (p. 270-293) and index.
|
| 530 |
|
|
|a Also available in print edition.
|b CRC Press (http://www.crcpress.com)
|
| 538 |
|
|
|a Mode of access: World Wide Web.
|
| 650 |
|
0 |
|a Romances, Byzantine
|x History and criticism.
|
| 650 |
|
0 |
|a Civilization, Medieval, in literature.
|
| 655 |
|
7 |
|a Electronic books.
|2 lcsh
|
| 776 |
1 |
|
|z 9780415120326
|
| 856 |
4 |
0 |
|u http://www.tandfebooks.com/isbn/9780203431016
|z Full Text via HEAL-Link
|